| 000 | 02377cam a22004091ia4500 | ||
|---|---|---|---|
| 003 | SA-RiAUC | ||
| 005 | 20250225075630.0 | ||
| 008 | 250225s1985 su f b 000r0 ara c | ||
| 040 |
_aSA-RiAUC _bara _cSA-RiAUC _erda |
||
| 050 | 4 | _b.A23 1985 | |
| 082 | 0 | 4 |
_a237.3 _qSA-RiAUC |
| 090 |
_a237.3 _b ع ب د |
||
| 100 | 1 |
_aالعبدلي، منصور بن عون بن منصور، _d1365-1419 هجري _eمؤلف. |
|
| 245 | 1 | 0 |
_aمرويات ابن مسعود رضي الله عنه في الكتب الستة وموطأ مالك ومسند أحمد / _cالشريف منصور بن عون بن منصور العبدلي. |
| 250 | _aالطبعة الأولى. | ||
| 264 | 1 |
_aجدة، السعودية : _bدار الشروق، _c1985 |
|
| 300 |
_a2 مجلد ؛ _c24 سم |
||
| 336 |
_aنص _btxt _2rdacontent _3كتاب |
||
| 337 |
_aبدون وسيط _bn _2rdamedia |
||
| 338 |
_aمجلد _bnc _2rdacarrier |
||
| 500 | _aالأصل أطروحة دكتوراه. | ||
| 504 | _aببليوجرافية : صفحة 663-678. | ||
| 600 | 1 | 7 |
_aابن مسعود، عبد الله بن مسعود بن غافل، _dتوفي 32 هجري _2aucnm |
| 650 | 7 |
_aالحديث _xالجرح والتعديل _2aucsh |
|
| 650 | 7 |
_aالحديث _xالكتب الستة _2aucsh |
|
| 650 | 7 |
_aالحديث _xالجرح والتعديل _2aucsh |
|
| 700 | 1 | 2 |
_iشرح لـ (عمل) : _aالبخاري، محمد بن إسماعيل بن إبراهيم، _d194-256 هجري |
| 700 | 1 | 2 |
_iشرح لـ (عمل) : _aالإمام مسلم، مسلم بن الحجاج بن مسلم، _d204-261 هجري |
| 700 | 1 | 2 |
_iشرح لـ (عمل) : _aالترمذي، محمد بن عيسى بن سورة، _d209-279 هجري |
| 700 | 1 | 2 |
_iشرح لـ (عمل) : _aالنسائي، أحمد بن علي بن شعيب، _d215-303 هجري |
| 700 | 1 | 2 |
_iشرح لـ (عمل) : _aأبو داود، سليمان بن الأشعث بن إسحاق، _d202-275 هجري |
| 700 | 1 | 2 |
_iشرح لـ (عمل) : _aابن ماجة، محمد بن يزيد الربعي، _d209-273 هجري |
| 700 | 1 | 2 |
_iشرح لـ (عمل) : _aالإمام مالك، مالك بن أنس بن مالك، _d93-179 هجري. _tالموطأ. |
| 700 | 1 | 2 |
_iشرح لـ (عمل) : _aالإمام ابن حنبل، أحمد محمد بن حنبل، _d164-241 هجري |
| 942 |
_2ddc _cBOOK _n0 |
||
| 949 |
_aSA-JeALM _d250225 _ueid123 _n1 |
||
| 999 |
_c6209 _d6209 |
||